<?xml version="1.0" encoding="UTF-8"?>
<record
    xmlns:xsi="http://www.w3.org/2001/XMLSchema-instance"
    xsi:schemaLocation="http://www.loc.gov/MARC21/slim http://www.loc.gov/standards/marcxml/schema/MARC21slim.xsd"
    xmlns="http://www.loc.gov/MARC21/slim">

  <leader>01513nam a2200289 a 4500</leader>
  <controlfield tag="001">000039497</controlfield>
  <controlfield tag="003">OSt</controlfield>
  <controlfield tag="005">20240412074300.0</controlfield>
  <controlfield tag="007">ta</controlfield>
  <controlfield tag="008">100329s1983    dr ac         000 e spa d</controlfield>
  <datafield tag="040" ind1=" " ind2=" ">
    <subfield code="a">DO-SdBNP</subfield>
    <subfield code="b">spa</subfield>
    <subfield code="c">BNPHU</subfield>
  </datafield>
  <datafield tag="082" ind1=" " ind2="4">
    <subfield code="a">RD863.4408</subfield>
    <subfield code="b">P925c 1983</subfield>
    <subfield code="2">22</subfield>
  </datafield>
  <datafield tag="111" ind1="2" ind2=" ">
    <subfield code="a">Premio Casa de Teatro</subfield>
    <subfield code="n">(7. :</subfield>
    <subfield code="d">1983 :</subfield>
    <subfield code="c">Santo Domingo)</subfield>
    <subfield code="9">65682</subfield>
  </datafield>
  <datafield tag="245" ind1="1" ind2="0">
    <subfield code="a">Cuentos premiados 1983.</subfield>
  </datafield>
  <datafield tag="260" ind1=" " ind2=" ">
    <subfield code="a">Santo Domingo :</subfield>
    <subfield code="b">Casa de Teatro ;</subfield>
    <subfield code="b">E. Le&#xF3;n Jimenes,</subfield>
    <subfield code="c">1983.</subfield>
  </datafield>
  <datafield tag="300" ind1=" " ind2=" ">
    <subfield code="a">109 p. :</subfield>
    <subfield code="b">il., retrs. ;</subfield>
    <subfield code="c">21 cm.</subfield>
  </datafield>
  <datafield tag="500" ind1=" " ind2=" ">
    <subfield code="a">Recopilaci&#xF3;n de los trabajos galardonados por el VII premio Casa de Teatro."</subfield>
  </datafield>
  <datafield tag="505" ind1="0" ind2=" ">
    <subfield code="a">Mensiones honor&#xED;ficas --</subfield>
    <subfield code="t">Estabas previstos /</subfield>
    <subfield code="r">Rael Garc&#xED;a R. --</subfield>
    <subfield code="t">Sucede siempre /</subfield>
    <subfield code="r">Rael Garc&#xED;a R. --</subfield>
    <subfield code="t">Urchin y los jevitos /</subfield>
    <subfield code="r">Marino Castillo Lacay --</subfield>
    <subfield code="t">Oficio de ocioso /</subfield>
    <subfield code="r">Jos&#xE9; Enrique Garc&#xED;a --</subfield>
    <subfield code="t">Cuando vuelan las mariposas /</subfield>
    <subfield code="r">Ram&#xF3;n Tejera Read --</subfield>
    <subfield code="t">Por debajo de la noche /</subfield>
    <subfield code="r">Pedro Peix --</subfield>
    <subfield code="t">Sonata para gato, Tambor y piano /</subfield>
    <subfield code="r">Jos&#xE9; Bobadilla --</subfield>
    <subfield code="t">Paraheri /</subfield>
    <subfield code="r">Mar&#xED;a C. Vicente Yepes --</subfield>
    <subfield code="t">Viaje alrededor y dentro de mi mismo /</subfield>
    <subfield code="r">Fernando Valerio Holgu&#xED;n --</subfield>
    <subfield code="t">El tacto y la sierpe /</subfield>
    <subfield code="r">Reynaldo Disla.</subfield>
  </datafield>
  <datafield tag="586" ind1=" " ind2=" ">
    <subfield code="a">Premios del VII Concurso de Cuentos de Casa de Teatro</subfield>
  </datafield>
  <datafield tag="590" ind1=" " ind2=" ">
    <subfield code="a">Inventariado, 2020/VM</subfield>
  </datafield>
  <datafield tag="650" ind1=" " ind2="4">
    <subfield code="a">Cuentos dominicanos</subfield>
    <subfield code="v">Colecciones</subfield>
    <subfield code="9">146</subfield>
  </datafield>
  <datafield tag="650" ind1=" " ind2="0">
    <subfield code="a">Literatura dominicana.</subfield>
    <subfield code="9">67</subfield>
  </datafield>
  <datafield tag="650" ind1=" " ind2="4">
    <subfield code="a">Cert&#x90;&#xE1;menes literarios</subfield>
    <subfield code="9">65683</subfield>
  </datafield>
  <datafield tag="710" ind1="2" ind2=" ">
    <subfield code="a">Casa de Teatro (Rep&#xFA;blica Dominicana)</subfield>
    <subfield code="9">26649</subfield>
  </datafield>
  <datafield tag="910" ind1=" " ind2=" ">
    <subfield code="a">Validado. Control de calidad MFF</subfield>
  </datafield>
  <datafield tag="942" ind1=" " ind2=" ">
    <subfield code="2">ddc</subfield>
    <subfield code="c">LBS1</subfield>
  </datafield>
  <datafield tag="952" ind1=" " ind2=" ">
    <subfield code="0">0</subfield>
    <subfield code="1">0</subfield>
    <subfield code="2">ddc</subfield>
    <subfield code="5">3</subfield>
    <subfield code="7">0</subfield>
    <subfield code="8">PD</subfield>
    <subfield code="a">BNPHU</subfield>
    <subfield code="b">BNPHU</subfield>
    <subfield code="c">HD</subfield>
    <subfield code="d">2013-07-03</subfield>
    <subfield code="o">BNPHU PD RD863.4408 P925c1983</subfield>
    <subfield code="p">39497-10</subfield>
    <subfield code="r">2020-06-25</subfield>
    <subfield code="w">2020-06-25</subfield>
    <subfield code="y">LBS1</subfield>
  </datafield>
  <datafield tag="999" ind1=" " ind2=" ">
    <subfield code="c">38987</subfield>
    <subfield code="d">38987</subfield>
  </datafield>
</record>
